00831 2200277 4500001002100000005001500021035002500036008004100061020002200102040001700124082001400141084001600155100001800171245012400189250001100313260003500324300004200359650002000401850001200421007000300433090002000436090002100456504003400477999002100511990002100532INLIS00000000001666220200511121123 a0010-011600000000753160126s2015 yoi g 0 ind d a978-602-72959-0-2 aYOPDYOGbind04222a581.9 a581.9 SID k0 aSidik Permana00aKampung naga :bpengetahuan ekologi tradisional dan pelestarian keanekaragamn hayati tumbuhan /cpenulis, Sidik Permana aCet. 13 aYogyakarta :bPlantaxia,c2015 aix, 116 halaman :bilustrasi ;c23 cm 4aEkologi tanaman aYOPDYOGta aDEP 581.9 SID k aCB-D.11 2015-947 aBibliografi : halaman 103-108 aCB-D.11/2015-947 aCB-D.11/2015-947